MARC

LEADER 00000nam0a2200000 4500
001 364465
005 20231102011706.0
035 |a (RuTPU)RU\TPU\retro\21823 
090 |a 364465 
100 |a 20211117d1981 k y0rusy50 ca 
101 0 |a rus 
102 |a KZ 
105 |a a z 001zy 
200 1 |a Каталитическая гидрогенизация и адсорбция водорода  |e сборник трудов  |f Академия наук Казахской ССР, Институт органического катализа и электрохимии 
210 |a Алма-Ата  |c Наука  |d 1981 
215 |a 106 с.  |c ил. 
225 1 |a Труды института органического катализа и электрохимии  |v Т. 26 
320 |a Библиография в конце статей 
606 1 |a Водород  |x Химическая технология  |2 stltpush  |3 (RuTPU)RU\TPU\subj\32884  |9 55285 
606 1 |a Гидрогенизация каталитическая  |x Химическая технология  |2 stltpush  |3 (RuTPU)RU\TPU\subj\31796  |9 54554 
610 1 |a гидрогенизация 
610 1 |a окисление 
610 1 |a восстановление 
610 1 |a адсорбция 
610 1 |a растворители 
610 1 |a органические соединения 
610 1 |a давление 
610 1 |a промоторы 
610 1 |a каталитические яды 
610 1 |a влияние 
610 1 |a катализаторы 
610 1 |a активность 
610 1 |a селективность 
675 |a 661.93  |v 4 
675 |a 66.094  |v 4 
712 0 2 |a Академия наук Казахской ССР  |b Институт органического катализа и электрохимии  |c (Алма-Ата)  |2 stltpush  |3 (RuTPU)RU\TPU\col\15443  |9 26148 
801 1 |a RU  |b 63413507  |c 20211117 
942 |c BK